• 首页
  • 本馆介绍
  • 公告通知
  • 最新文献
  • 馆藏检索
  • 电子资源
  • 读者导购
  • 参考咨询
  • 我的图书馆
  • 登录
  • 详细信息显示
  • 放入我的书架
  • 预约/预借图书
  • 作者相关作品
  • 分类相关作品
  • 丛书相关作品
  • 出版社相关作品

书目信息

  • 表格格式
  • 工作单格式
  • 卡片格式
题名:
忠实的刽子手
    
 
作者: 哈林顿 著 ;钟玉珏 译
分册:  
出版信息: 北京   中信出版集团股份有限公司  2017
页数: 22,312页
开本: 21cm
丛书名:
单 册:
中图分类: K516.3
科图分类:
主题词: 社会史--德国--16世纪
电子资源:
ISBN: 978-7-5086-7047-8
000 02335nam0 2200289 450
001 012001004366
005 20140928162349.0
010    @a978-7-5086-7047-8@b精装@dCNY48.00
100    @a20171018d2017 em y0chiy50 ea
101 1  @achi@ceng
102    @aCN@b110000
105    @aab z 000yy
106    @ar
200 1  @a忠实的刽子手@9zhong shi de gui zi shou@e动荡十六世纪的生死荣辱@dThe faithful executioner@elife and death, honor and shame in the turbulent sixteenth century@f(美)乔尔·哈林顿(Joel F. Harrington)著@g钟玉珏译@zeng
210    @a北京@c中信出版集团股份有限公司@d2017
215    @a22,312页@c图,地图@d21cm
306    @a本书限中国大陆发行
314    @a乔尔·哈林顿(JoelF.Harrington)美国范德堡大学(VanderbiltUniversity)历史系教授,著作《没人要的孩子》曾获得2010年历史类罗兰·班顿奖。另著有《宗教改革时代日耳曼婚姻与社会的重整》(ReorderingMarriageandSocietyinReformationGermany)和《见证人群像:西方基督教历史文选》(ACloudofWitnesses:ReadingsintheHistoryofWesternChristianity)。
330    @a本书讲述:1573年,19岁的弗朗茨·施密特刚完成“人生第一次处决”,他为自己的身份感到羞耻与自豪。其后的45年间,他共斩首394人,拷问、鞭笞、虐待、毁容的罪犯多达数百人,他成为了神圣罗马帝国时期名望甚高的刽子手。弗朗茨是执行暴力的砍头人,是世袭着耻辱的家族之一员,是酷吏,但他也是“上帝之手”,是挣扎于痛苦与爱中的父亲与儿子,是每年平均看300名病人的医生。人们喜欢将刽子手浪漫化和传奇化,却往往冲淡他们的个性,使之变成符合幻想的怪人。好在弗朗茨留下了一部日记,让我们得到一个打破偏见的机会。杰出的历史学家乔尔·哈林顿凭借故事性的文笔和历史学者的功力,为我们讲述了弗朗茨日记中说出与没有说出的东西。那是一个文艺复兴的时代,也是一个动荡不安的时代。16世纪匪夷所思的世情万象,尽数映在刽子手的眼中——他看到了临刑前大笑的恶棍、可笑而残忍的黑魔法、在最后一刻皈依宗教的盗贼;他见证了刽子手这一职业从声名狼藉上升为司法中的一环,在现代开端的欧洲透露出一丝司法的光亮;他也让我们跳出陈见,看到那个“嗜血”年代的人们,与我们并无太大不同。
510 1  @aFaithful executioner@elife and death, honor and shame in the turbulent sixteenth century@zeng
517 1  @a动荡十六世纪的生死荣辱@9dong dang shi liu shi ji de sheng si rong ru
606 0  @a社会史@y德国@z16世纪
690    @aK516.3@v5
701  1 @c(美)@a哈林顿@9ha lin dun@g(Harrington, Joel F.)@4著
702  0 @a钟玉珏@9zhong yu jue@4译
801  0 @aCN@b上海新华@c20180901
905    @b1164855-9@dK516.3@e48@f5
    
    忠实的刽子手:动荡十六世纪的生死荣辱=The faithful executioner:life and death, honor and shame in the turbulent sixteenth century/(美)乔尔·哈林顿(Joel F. Harrington)著/钟玉珏译.-北京:中信出版集团股份有限公司,2017
    22,312页:图,地图;21cm
    
    
    ISBN 978-7-5086-7047-8(精装):CNY48.00
    本书讲述:1573年,19岁的弗朗茨·施密特刚完成“人生第一次处决”,他为自己的身份感到羞耻与自豪。其后的45年间,他共斩首394人,拷问、鞭笞、虐待、毁容的罪犯多达数百人,他成为了神圣罗马帝国时期名望甚高的刽子手。弗朗茨是执行暴力的砍头人,是世袭着耻辱的家族之一员,是酷吏,但他也是“上帝之手”,是挣扎于痛苦与爱中的父亲与儿子,是每年平均看300名病人的医生。人们喜欢将刽子手浪漫化和传奇化,却往往冲淡他们的个性,使之变成符合幻想的怪人。好在弗朗茨留下了一部日记,让我们得到一个打破偏见的机会。杰出的历史学家乔尔·哈林顿凭借故事性的文笔和历史学者的功力,为我们讲述了弗朗茨日记中说出与没有说出的东西。那是一个文艺复兴的时代,也是一个动荡不安的时代。16世纪匪夷所思的世情万象,尽数映在刽子手的眼中——他看到了临刑前大笑的恶棍、可笑而残忍的黑魔法、在最后一刻皈依宗教的盗贼;他见证了刽子手这一职业从声名狼藉上升为司法中的一环,在现代开端的欧洲透露出一丝司法的光亮;他也让我们跳出陈见,看到那个“嗜血”年代的人们,与我们并无太大不同。
●
相关链接 在E读中查询图书 在五车中查询图书 在当当中查询图书 在豆瓣中查询图书


正题名:忠实的刽子手     索取号:K516.3/48         预约/预借

序号 登录号 条形码 馆藏地/架位号 状态 备注
1 1164855   211648555   第二样本阅览室/ [索取号:K516.3/48] 在馆    
2 1164856   211648564   第二借阅区/ [索取号:K516.3/48] 在馆    
3 1164857   211648573   第二借阅区/ [索取号:K516.3/48] 在馆    
4 1164858   211648582   密集书库-史法系/ [索取号:K516.3/48] 在馆    
5 1164859   211648591   第二借阅区/ [索取号:K516.3/48] 在馆    
唐山师范学院图书馆 欢迎您!
大连网信软件有限公司© 版权所有